| Tag |
First Indicator |
Second Indicator |
Subfields |
| LEADER |
00000cam a2200000Ia 4500 |
| 001 |
in00002572049 |
| 005 |
20151201154303.0 |
| 007 |
he amb---bacp |
| 007 |
hz bhb---babp |
| 008 |
981116q18001899enka jb 000 0 eng d |
| 035 |
|
|
|a (OCoLC)ocm40323984
|
| 037 |
|
|
|a CL0021000026
|b ProQuest Information and Learning, 300 N. Zeeb Rd., Ann Arbor, MI 48106-1346
|
| 040 |
|
|
|a OPP
|c OPP
|d UtOrBLW
|
| 043 |
|
|
|a e-uk---
|
| 049 |
|
|
|a OPPA
|
| 090 |
|
|
|a PZ5
|b .O67 1990 no.026:033.
|
| 100 |
1 |
|
|a Knolly, W.
|
| 245 |
1 |
4 |
|a The life of a soldier /
|c illustrated by Harry Payne ; described by W. Knolly.
|
| 264 |
|
1 |
|a London ;
|a New York :
|b R. Tuck & Sons,
|c [between 1800 and 1899?]
|
| 300 |
|
|
|a 16 unnumbered pages :
|b illustrations
|
| 336 |
|
|
|a text
|b txt
|2 rdacontent
|
| 337 |
|
|
|a microform
|b h
|2 rdamedia
|
| 338 |
|
|
|a microfiche
|b he
|2 rdacarrier
|
| 490 |
1 |
|
|a Father Tuck's holiday series
|
| 500 |
|
|
|a Cover title.
|
| 500 |
|
|
|a "N: 2502"--Title page verso.
|
| 500 |
|
|
|a Reproduction of original in the Bodleian Library.
|
| 510 |
4 |
|
|a Opie
|c DD 38
|
| 533 |
|
|
|a Microfiche.
|b Ann Arbor, Mich. :
|c UMI,
|d 1997.
|e 1 microfiche ; 11 x 15 cm.
|f (Opie collection of children's literature ; 026:033).
|7 s1997 miun b
|
| 500 |
|
|
|a Microform.
|
| 650 |
|
0 |
|a Soldiers
|z Great Britain
|v Juvenile literature.
|
| 610 |
1 |
0 |
|a Great Britain.
|b Army
|x Military life
|v Juvenile literature.
|
| 700 |
1 |
|
|a Payne, Harry.
|
| 830 |
|
0 |
|a Opie collection of children's literature ;
|v 026:033.
|
| 830 |
|
0 |
|a Father Tuck's holiday series.
|
| 999 |
|
|
|a MARS
|
| 999 |
f |
f |
|s ce21e551-b836-3bc0-aefd-445da70388eb
|i 5ae9712e-bcdf-37f3-9f8a-94a86aafd2ac
|t 0
|
| 952 |
f |
f |
|a Texas A&M University
|b College Station
|c Sterling C. Evans Library
|d Evans: Microforms Fiche (3rd floor)
|t 0
|e PZ5 .O67 1990 no.026:033.
|h Library of Congress classification
|
| 998 |
f |
f |
|a PZ5 .O67 1990 no.026:033.
|t 0
|l Evans: Microforms Fiche (3rd floor)
|